| 000 | 00887cam a22002894a 4500 | ||
|---|---|---|---|
| 008 | |||
| 020 | _a0321694988 (pbk.) | ||
| 049 | _aMAIN | ||
| 090 |
_aTA340 _bMIL |
||
| 100 | 1 | _aMiller, Irwin. | |
| 240 | 1 | 0 | _aProbability and statistics for engineers |
| 245 | 1 | 0 |
_aMiller and Freund's Probability and statistics for engineers / _cRichard A. Johnson. |
| 250 | _a8th ed. | ||
| 260 |
_aBoston : _bPrentice Hall, _cc2011. |
||
| 300 |
_aviii, 544 p. : _bill. ; _c24 cm. |
||
| 504 | _aIncludes bibliographical references. | ||
| 500 | _aIncludes index. | ||
| 650 | 0 |
_aEngineering _xStatistical methods. |
|
| 650 | 0 | _aProbabilities. | |
| 700 | 1 | _aFreund, John E. | |
| 700 | 1 | _aJohnson, Richard Arnold. | |
| 907 |
_a.b10312390 _b09-05-12 _c23-04-12 |
||
| 003 | |||
| 005 | 20230123125425.0 | ||
| 040 | _cNUST | ||
| 942 |
_cBOOKS _kTA340 _mMIL |
||
| 999 |
_c141272 _d141272 |
||